Statistics for Crossword - Countries

Click here to take the quiz!

General Stats

  • This quiz has been taken 12,826 times
  • The average score is 24 of 27

Answer Stats

A/DHintAnswer% Correct
24. AcrossNorth of the U.S.Canada
96%
4. DownHas Hindi as an official languageIndia
96%
22. AcrossPortugal's neighbourSpain
96%
2. DownFormerly called PersiaIran
95%
9. DownIts cities include Milan and VeniceItaly
95%
1. DownHome to Burj Khalifa{United} Arab
{Emirates}
94%
1. AcrossCountry that Wales is part ofUnited Kingdom
94%
3. DownCaribbean country: ______ RepublicDominican
93%
6. AcrossWhere the ruins of Babylon can be foundIraq
93%
15. AcrossOne of the Nordic countries{Ice}land
92%
7. Down2022 World Cup hostQatar
92%
11. AcrossLocated west of BotswanaNamibia
91%
21. DownBorders Germany and Poland{Czech} Republic
90%
17. DownLargest country in AfricaAlgeria
87%
13. AcrossNorth of the aboveAngola
87%
8. Across
Vanua Levu is its second largest island
Fiji
86%
23. Across
Broke away from Ethiopia in 1993
Eritrea
85%
19. DownAlso known as BurmaMyanmar
85%
18. AcrossIts capital is MuscatOman
85%
5. DownFound in the Horn of AfricaDjibouti
84%
16. AcrossSmallest island countryNauru
84%
14. AcrossWhere Timbuktu is locatedMali
83%
12. DownCaribbean countryAntigua {and} {Barbuda}
81%
20. DownSandwiched between Togo and NigeriaBenin
78%
22. Down
Formerly known as Western _____
to distinguish it from the U.S. territory
Samoa
77%
10. DownBasseterre is its capitalSaint {Kitts} {and} {Nevis}
74%
Mystery CountryMontenegro
64%

Score Distribution

Percentile by Number Answered

Percent of People with Each Score

Your Score History

You have not taken this quiz